000 01268nam0a2200289 4500
001 RU\NLR\bibl\74404
005 20260407060811.0
021 _aRU
_b1999-48166
_92381
035 _a(NLR Aleph) 000072607
090 _a401107
_c401107
100 _a20000313d1999 |||y0rusy50 ca
101 0 _arus
102 _aRU
105 _aa |||||||||
200 1 _aНоменклатурный перечень выпускаемого оборудования
_fОАО "Рузхиммаш", Открытое АО "Рузаев. завод хим. машиностроения"
210 _aБ.м.
_cБ.и.
_d[1999]
_eРузаевка: Рузаев. печатник
215 _a84,[1] с.
_cио.
_d29
606 0 _aХимические заводы
_jКаталоги
_xОборудование
_91230612
_3RU\NLR\auth\66183821
606 0 _aХимическое оборудование
_jКаталоги
_92193469
_3RU\NLR\auth\661318429
686 _aЛ11-5я26
710 0 2 _a"Рузхиммаш", открытое акционерное общество
_cРузаевка
_9553887
_3RU\NLR\AUTH\8810027698
801 0 _aRU
_bNLR
_c20000313
_gPSBO
801 1 _aRU
_bNLR
_c20000313
852 _aNLR
_jПт 44.1/407
942 _cBOOK
980 _aNB